| 000 | 01263nam a2200373 b 4500 | ||
|---|---|---|---|
| 001 | 018158 | ||
| 003 | DO-SdBPM | ||
| 005 | 20251029132358.0 | ||
| 007 | ta | ||
| 008 | 021021s2002 sp | ||| ||spa | ||
| 017 |
_a _b |
||
| 020 | _a8466203095 | ||
| 035 | _a | ||
| 040 |
_aDO-SdBPM _bspa _cBPMSU _e _drda |
||
| 041 | 1 |
_aspa _h |
|
| 080 | _a | ||
| 082 | 4 |
_a184.1 _bP718d 2002 _222 |
|
| 100 | 1 |
_aPlatón _d 428?-347 a. C. |
|
| 240 | 1 | 0 |
_a _l |
| 245 | 1 | 0 |
_aDiálogos / _cPlatón _h |
| 264 |
_aArganda del Rey (Madrid): _bLIBSA, _c2002 |
||
| 300 |
_a189 páginas ; _c20 cm |
||
| 336 |
_atexto _btxt _2rdacontent |
||
| 337 |
_asin mediación _bn _2rdamedia |
||
| 338 |
_avolumen _bnc _2rdacarrier |
||
| 490 | 0 | _aBiblioteca de oro juvenil | |
| 505 | 0 | _aApología de Sócrates ; Critón o del deber ; Lysis o de la amistad ; Carmides o de la templanza ; Ion o de la poesía ; protágoras o de los sofistas ; Gorgias o de la retórica ; Teétetes o de la ciencia ; Simposio o de la erótica ; Fedón o del alama ; Fedro o del amor. | |
| 590 | _aInventariado, 2025/VM | ||
| 650 | 7 |
_a Filosofía antigua _v _2 |
|
| 650 | 7 | _aPlatonismo | |
| 650 | 7 | _aFilosofía griega | |
| 910 | _aVMateo V. Control de calidad. BPMSU | ||
| 942 |
_2ddc _cBK _h |
||
| 999 |
_c11089 _d11089 |
||